Quantifying the multiple cognitive radio interfaces advantage. (Record no. 12228)
[ view plain ]
| 000 -LEADER | |
|---|---|
| fixed length control field | 00419nam a22001337a 4500 |
| 082 ## - DEWEY DECIMAL CLASSIFICATION NUMBER | |
| Classification number | MSEE-3 |
| 100 ## - MAIN ENTRY--PERSONAL NAME | |
| Personal name | Muhammad Talal Hassan |
| 9 (RLIN) | 98852 |
| 245 ## - TITLE STATEMENT | |
| Title | Quantifying the multiple cognitive radio interfaces advantage. |
| 260 ## - PUBLICATION, DISTRIBUTION, ETC. | |
| Place of publication, distribution, etc. | Islamabad |
| Name of publisher, distributor, etc. | NUST university |
| Date of publication, distribution, etc. | 2013 |
| 300 ## - PHYSICAL DESCRIPTION | |
| Extent | 41p. : |
| Accompanying material | CD-ROM |
| 500 ## - GENERAL NOTE | |
| General note | Supervisor: Dr. Junaid Qadir |
| 856 ## - ELECTRONIC LOCATION AND ACCESS | |
| Uniform Resource Identifier | <a href="http://10.250.8.41:8080/xmlui/handle/123456789/9333">http://10.250.8.41:8080/xmlui/handle/123456789/9333</a> |
| 942 ## - ADDED ENTRY ELEMENTS (KOHA) | |
| Koha item type | Project Report |
| Source of classification or shelving scheme | |
| Withdrawn status | Lost status | Damaged status | Not for loan | Collection code | Permanent Location | Current Location | Shelving location | Date acquired | Total Checkouts | Full call number | Barcode | Date last seen | Price effective from | Koha item type | Source of classification or shelving scheme |
|---|---|---|---|---|---|---|---|---|---|---|---|---|---|---|---|
| Central Library (CL) | Central Library (CL) | General Stacks | 12/15/2013 | MSEE-3 | SEECSP01259 | 12/15/2013 | 12/15/2013 | Project Report | |||||||
| Central Library (CL) | Central Library (CL) | Thesis | 12/13/2019 | 621.3MSEE-3 | CL-T-4202 | 12/13/2019 | 12/13/2019 | Thesis |
